Countries of the World: Capitals Edition (On A Map) - Statistics

General Stats
  • This quiz has been taken 28 times
    22 since last reset
  • The average score is 129 of 196
Answers on the Map
Answers color-coded by a green-red scale on the quiz's map according to % correct below.
 
Answer Stats
Capital Country % Correct
Algiers Algeria
90%
Muscat Oman
90%
Kabul Afghanistan
80%
Tirana Albania
80%
Andorra La Vella Andorra
80%
Canberra Australia
80%
Ottawa Canada
80%
N'Djamena Chad
80%
Beijing China
80%
Santo Domingo Dominican Republic
80%
Cairo Egypt
80%
Guatemala City Guatemala
80%
Port-Au-Prince Haiti
80%
Reykjavik Iceland
80%
Tehran Iran
80%
Baghdad Iraq
80%
Rome Italy
80%
Vientiane Laos
80%
Tripoli Libya
80%
Majuro Marshall Islands
80%
Mexico City Mexico
80%
Monaco Monaco
80%
Panama City Panama
80%
Lima Peru
80%
Moscow Russia
80%
Bloemfontein/Cape Town/Pretoria South Africa
80%
Washington, D.C. United States
80%
Luanda Angola
70%
St John's Antigua and Barbuda
70%
Buenos Aires Argentina
70%
Yerevan Armenia
70%
Nassau Bahamas
70%
Manama Bahrain
70%
Minsk Belarus
70%
La Paz/Sucre Bolivia
70%
Brasilia Brazil
70%
Bandar Seri Begawan Brunei
70%
Yaounde Cameroon
70%
Bangui Central African Republic
70%
Santiago Chile
70%
Bogota Colombia
70%
San Jose Costa Rica
70%
Havana Cuba
70%
Kinshaha Democratic Republic of the {Congo}
70%
Roseau Dominica
70%
Tallinn Estonia
70%
Addis Ababa Ethiopia
70%
Palikir Federated States of {Micronesia}
70%
Suva Fiji
70%
Helsinki Finland
70%
Paris France
70%
Berlin Germany
70%
Accra Ghana
70%
Athens Greece
70%
Georgetown Guyana
70%
New Delhi India
70%
Jakarta Indonesia
70%
Dublin Ireland
70%
Jerusalem Israel
70%
Kingston Jamaica
70%
Tokyo Japan
70%
Nur-Sultan Kazakhstan
70%
Nairobi Kenya
70%
South Tarawa (Tarawa) Kiribati
70%
Riga Latvia
70%
Maseru Lesotho
70%
Vaduz Liechtenstein
70%
Vilnius Lithuania
70%
Luxembourg Luxembourg
70%
Antananarivo Madagascar
70%
Kuala Lumpur Malaysia
70%
Bamako Mali
70%
Valleta Malta
70%
Ulaanbaatar (Ulan Bator) Mongolia
70%
Rabat Morocco
70%
Kathmandu Nepal
70%
Wellington New Zealand
70%
Niamey Niger
70%
Abuja Nigeria
70%
Oslo Norway
70%
Islamabad Pakistan
70%
Ngerulmud Palau
70%
Port Moresby Papua New Guinea
70%
Asuncion Paraguay
70%
Warsaw Poland
70%
Doha Qatar
70%
Brazzaville Republic of the {Congo}
70%
Bucharest Romania
70%
Basseterre Saint Kitts and Nevis
70%
Castries Saint Lucia
70%
Kingstown Saint Vincent and the Grenadines
70%
San Marino San Marino
70%
Riyadh Saudi Arabia
70%
Singapore Singapore
70%
Mogadishu Somalia
70%
Khartoum Sudan
70%
Tunis Tunisia
70%
Abu Dhabi United Arab Emirates
70%
London United Kingdom
70%
Sana (Sanaa) Yemen
70%
Vienna Austria
60%
Baku Azerbaijan
60%
Dhaka Bangladesh
60%
Bridgetown Barbados
60%
Brussels Belgium
60%
Belmopan Belize
60%
Cotonou/Porto Novo Benin
60%
Thimphu Bhutan
60%
Sarajevo Bosnia and Herzegovina
60%
Gaborone Botswana
60%
Sofia Bulgaria
60%
Ouagadougou Burkina Faso
60%
Gitega Burundi
60%
Phnom Penh Cambodia
60%
Praia Cape Verde
60%
Zagreb Croatia
60%
Nicosia Cyprus
60%
Prague Czech Republic
60%
Copenhagen Denmark
60%
Djibouti Djibouti
60%
Dili East Timor
60%
Quito Ecuador
60%
San Salvador El Salvador
60%
Malabo Equatorial Guinea
60%
Asmara Eritrea
60%
Mbabane Eswatini
60%
Libreville Gabon
60%
Tbilisi Georgia
60%
Saint George's Grenada
60%
Conakry Guinea
60%
Bissau Guinea Bissau
60%
Tegucigalpa Honduras
60%
Budapest Hungary
60%
Yamoussoukro Ivory Coast
60%
Amman Jordan
60%
Pristina Kosovo
60%
Bishkek Kyrgyzstan
60%
Monrovia Liberia
60%
Lilongwe Malawi
60%
Male Maldives
60%
Nouakchott Mauritania
60%
Port Louis Mauritius
60%
Chisinau Moldova
60%
Podgorica Montenegro
60%
Maputo Mozambique
60%
Naypyidaw Myanmar
60%
Windhoek Namibia
60%
Yaren Nauru
60%
Amsterdam Netherlands
60%
Managua Nicaragua
60%
Pyongyang North Korea
60%
Skopje North Macedonia
60%
Manila Philippines
60%
Lisbon Portugal
60%
Kigali Rwanda
60%
Apia Samoa
60%
Sao Tome {Sao Tome} and Principe
60%
Dakar Senegal
60%
Belgrade Serbia
60%
Victoria Seychelles
60%
Freetown Sierra Leone
60%
Bratislava Slovakia
60%
Ljubljana Slovenia
60%
Honiara Solomon Islands
60%
Seoul South Korea
60%
Madrid Spain
60%
Colombo/Sri Jayawardenepura Kotte Sri Lanka
60%
Paramaribo Suriname
60%
Stockholm Sweden
60%
Bern Switzerland
60%
Taipei Taiwan
60%
Dodoma Tanzania
60%
Lome Togo
60%
Port Of Spain Trinidad and Tobago
60%
Ankara Turkey
60%
Kampala Uganda
60%
Kiev (Kyiv [sometimes]) Ukraine
60%
Montevideo Uruguay
60%
Harare Zimbabwe
60%
Moroni Comoros
50%
Banjul Gambia
50%
Kuwait Kuwait
50%
Beirut Lebanon
50%
Juba South Sudan
50%
Damascus Syria
50%
Dushanbe Tajikistan
50%
Bangkok Thailand
50%
Nuku'alofa Tonga
50%
Ashgabat Turkmenistan
50%
Funafuti Tuvalu
50%
Tashkent Uzbekistan
50%
Port Vila Vanuatu
50%
Vatican City {Vatican} City
50%
Caracas Venezuela
50%
Hanoi Vietnam
50%
Lusaka Zambia
50%
No matching quizzes found
Score Distribution
Percent of People with Each Score
Percentile by Number Answered
Your Score History
You have not taken this quiz since the last reset